Normal view
MARC view
- MATHEMATICL ANALYSIS ACC NO-30161
Entry Topical Term
001 - CONTROL NUMBER
- control field: 72369
003 - CONTROL NUMBER IDENTIFIER
- control field: NUST
005 - DATE AND TIME OF LATEST TRANSACTION
- control field: 20210628204802.0
008 - FIXED-LENGTH DATA ELEMENTS
- fixed length control field: 210628|| aca||aabn | a|a d
040 ## - CATALOGING SOURCE
- Original cataloging agency: NUST
- Transcribing agency: NUST
150 ## - HEADING--TOPICAL TERM
- Topical term or geographic name entry element: MATHEMATICL ANALYSIS ACC NO-30161
670 ## - SOURCE DATA FOUND
- Source citation: Work cat.: (NUST): Strichartz, R. S 72368, The way of analysis, 1995
